Water-resources engineering / (Record no. 153840)
[ view plain ]
| 000 -LEADER | |
|---|---|
| fixed length control field | 00823nam a2200265 a 4500 |
| 008 - FIXED-LENGTH DATA ELEMENTS--GENERAL INFORMATION | |
| fixed length control field | |
| 049 ## - LOCAL HOLDINGS (OCLC) | |
| Holding library | MAIN |
| 090 ## - LOCALLY ASSIGNED LC-TYPE CALL NUMBER (OCLC); LOCAL CALL NUMBER (RLIN) | |
| Classification number (OCLC) (R) ; Classification number, CALL (RLIN) (NR) | TC147 |
| 003 - CONTROL NUMBER IDENTIFIER | |
| control field | |
| 005 - DATE AND TIME OF LATEST TRANSACTION | |
| control field | 20230123133736.0 |
| 040 ## - CATALOGING SOURCE | |
| Transcribing agency | NUST |
| 100 10 - MAIN ENTRY--PERSONAL NAME | |
| Personal name | Linsley, Ray K. |
| 245 10 - TITLE STATEMENT | |
| Title | Water-resources engineering / |
| Statement of responsibility, etc. | Ray K. Linsley, Joseph B. Franzini. |
| 250 ## - EDITION STATEMENT | |
| Edition statement | 3d ed. |
| 260 0# - PUBLICATION, DISTRIBUTION, ETC. | |
| Place of publication, distribution, etc. | New York : |
| Name of publisher, distributor, etc. | McGraw-Hill, |
| Date of publication, distribution, etc. | c1979. |
| 300 ## - PHYSICAL DESCRIPTION | |
| Extent | xii, 716 p. : |
| Other physical details | ill. ; |
| Dimensions | 25 cm. |
| 440 0# - SERIES STATEMENT/ADDED ENTRY--TITLE | |
| Title | McGraw-Hill series in water resources and environmental engineering. |
| 504 ## - BIBLIOGRAPHY, ETC. NOTE | |
| Bibliography, etc. note | Includes bibliographical references. |
| 500 ## - GENERAL NOTE | |
| General note | Includes index. |
| 650 #0 - SUBJECT ADDED ENTRY--TOPICAL TERM | |
| Topical term or geographic name entry element | Hydraulic engineering. |
| 650 #0 - SUBJECT ADDED ENTRY--TOPICAL TERM | |
| Topical term or geographic name entry element | Water resources development. |
| 700 10 - ADDED ENTRY--PERSONAL NAME | |
| Personal name | Franzini, Joseph B. |
| 907 ## - LOCAL DATA ELEMENT G, LDG (RLIN) | |
| a | .b10126016 |
| b | 13-05-08 |
| c | 10-06-04 |
| 942 ## - ADDED ENTRY ELEMENTS (KOHA) | |
| Koha item type | Ordinary Loan Books |
| Call number prefix | TC147 |
| Date last seen | Total Checkouts | Full call number | Barcode | Cost, replacement price | Price effective from | Koha item type | Lost status | Source of classification or shelving scheme | Damaged status | Not for loan | Collection | Withdrawn status | Home library | Current library | Shelving location | Date acquired | Cost, normal purchase price |
|---|---|---|---|---|---|---|---|---|---|---|---|---|---|---|---|---|---|
| 01/23/2023 | 48 | TC147 LIN | 92003028013 | 80.00 | 01/23/2023 | BOOKS | LCC | NFIC | MAIN | MAIN | GEN | 01/23/2023 | 80.00 |